Planning in the UK (Record no. 115748)

MARC details
000 -LEADER
fixed length control field 00873cam a22002295a 4500
001 - CONTROL NUMBER
control field L159225
008 - FIXED-LENGTH DATA ELEMENTS--GENERAL INFORMATION
fixed length control field 160321s2014 xxk f 000 0 eng d
020 ## - INTERNATIONAL STANDARD BOOK NUMBER
International Standard Book Number 9780230303331
035 ## - SYSTEM CONTROL NUMBER
System control number (Sirsi) u159225
041 0# - LANGUAGE CODE
Language code of text/sound track or separate title eng
050 04 - LIBRARY OF CONGRESS CALL NUMBER
Classification number 711.1
100 1# - MAIN ENTRY--PERSONAL NAME
Personal name Greed, Clara
245 00 - TITLE STATEMENT
Title Planning in the UK
Remainder of title An introduction
260 ## - PUBLICATION, DISTRIBUTION, ETC.
Place of publication, distribution, etc. Basingstoke
Name of publisher, distributor, etc. Palgrave Macmillan
Date of publication, distribution, etc. 2014
300 ## - PHYSICAL DESCRIPTION
Extent xix, 369p, 25cm
520 ## - SUMMARY, ETC.
Summary, etc. Provides up to date and broad range overview of planning including details of history, theory and policy debates that make up the subject. Debates the latest issues of planning under recent governments and demonstrates how priorities have changed with successive governments and in response to global trends.
590 ## - LOCAL NOTE (RLIN)
Local note KA
651 #4 - SUBJECT ADDED ENTRY--GEOGRAPHIC NAME
Geographic name United Kingdom
690 ## - LOCAL SUBJECT ADDED ENTRY--TOPICAL TERM (OCLC, RLIN)
Topical term or geographic name as entry element Planning and development
9 (RLIN) 6259
700 1# - ADDED ENTRY--PERSONAL NAME
Personal name Johnson, David
942 ## - ADDED ENTRY ELEMENTS (KOHA)
Suppress in OPAC 0
Holdings
Withdrawn status Lost status Source of classification or shelving scheme Damaged status Not for loan Home library Current library Shelving location Date acquired Total Checkouts Full call number Barcode Date last seen Copy number Price effective from Koha item type
    Dewey Decimal Classification     London London Books 21/03/2016   711.1 30075276 06/08/2019 1 06/08/2019 Book